|
|
|
|
| LEADER |
02263cam a2200589 i 4500 |
| 001 |
nkc20183061841 |
| 003 |
CZ PrNK |
| 005 |
20200930122700.0 |
| 007 |
ta |
| 008 |
190215s2018 xr a f 001 0 cze d |
| 015 |
|
|
|a cnb003061841
|
| 020 |
|
|
|a 978-80-248-4238-7
|q (brožováno)
|
| 035 |
|
|
|a (OCoLC)1100764687
|
| 040 |
|
|
|a KLG001
|b cze
|d BOA001
|d OLA001
|e rda
|
| 041 |
0 |
|
|a cze
|b cze
|b eng
|
| 072 |
|
7 |
|a 69
|x Stavebnictví
|2 Konspekt
|9 19
|
| 080 |
|
|
|a 69.01/.03
|2 MRF
|
| 080 |
|
|
|a 69.059:004.6
|2 MRF
|
| 080 |
|
|
|a 62:005.8
|2 MRF
|
| 080 |
|
|
|a 005.93
|2 MRF
|
| 080 |
|
|
|a (048.8:082)
|2 MRF
|
| 100 |
1 |
|
|a Wernerová, Eva,
|d 1986-
|7 mzk2013742465
|4 aut
|
| 245 |
1 |
0 |
|a Zavádění BIM u existujících staveb /
|c Eva Wernerová, František Kuda, Michal Faltejsek
|
| 250 |
|
|
|a 1. vydání
|
| 264 |
|
1 |
|a Ostrava :
|b Vysoká škola báňská - Technická univerzita Ostrava,
|c 2018
|
| 300 |
|
|
|a 66 stran :
|b barevné ilustrace ;
|c 25 cm
|
| 336 |
|
|
|a text
|b txt
|2 rdacontent
|
| 337 |
|
|
|a bez média
|b n
|2 rdamedia
|
| 338 |
|
|
|a svazek
|b nc
|2 rdacarrier
|
| 500 |
|
|
|a 300 výtisků
|
| 504 |
|
|
|a Obsahuje bibliografii a rejstřík
|
| 546 |
|
|
|a České a anglické resumé
|
| 650 |
0 |
7 |
|a stavby
|7 ph116274
|2 czenas
|
| 650 |
0 |
7 |
|a informační modelování budov
|7 ph746671
|2 czenas
|
| 650 |
0 |
7 |
|a technická dokumentace
|7 ph126458
|2 czenas
|
| 650 |
0 |
7 |
|a facility management
|7 ph216779
|2 czenas
|
| 650 |
0 |
9 |
|a buildings
|2 eczenas
|
| 650 |
0 |
9 |
|a building information modeling
|2 eczenas
|
| 650 |
0 |
9 |
|a technical documentation
|2 eczenas
|
| 650 |
0 |
9 |
|a facility management
|2 eczenas
|
| 655 |
|
7 |
|a kolektivní monografie
|7 fd501537
|2 czenas
|
| 655 |
|
9 |
|a collective monographs
|2 eczenas
|
| 700 |
1 |
|
|a Kuda, František,
|d 1954-
|7 mzk2007385807
|4 aut
|
| 700 |
1 |
|
|a Faltejsek, Michal
|7 ola2018981086
|4 aut
|
| 856 |
4 |
1 |
|u http://www.digitalniknihovna.cz/mzk/uuid/uuid:4b891b80-a6b9-11ec-adf7-5ef3fc9bb22f
|y Digitalizovaný dokument
|x NDK
|
| 910 |
2 |
|
|a BOA001
|b 2-1424.391
|
| 920 |
|
|
|a 1224014
|z KLG001
|
| 990 |
|
|
|a BK
|
| 995 |
|
|
|a 01
|
| 991 |
|
|
|b 201903
|c NOV
|
| 996 |
6 |
|
|b 2610773765
|c 2-1424.391
|l MZK
|r Sklad / do 1 hodiny
|n 4
|p p.v.
|w 001711911
|u 000010
|a 1
|e BOA001
|j MZK50
|s P
|
| 996 |
7 |
|
|b 2610840504
|c 2-1424.391
|l MZK
|r Sklad / do 1 hodiny
|n 11
|p kup
|w 001711911
|u 000020
|a 1
|e BOA001
|j MZK50
|s A
|